|
|
|
|
| LEADER |
00000nab a2200000 a 4500 |
| 001 |
vtls010665013 |
| 003 |
SK-MaSNL |
| 005 |
20260305041043.0 |
| 008 |
150401c2015 xo qrzp 0 0slo |
| 038 |
|
|
|a RVGKPD
|
| 040 |
|
|
|a RVGKPD
|b slo
|c RVGKPD
|e AACR2
|
| 041 |
|
|
|a slo
|
| 044 |
|
|
|a xo
|c SK
|
| 080 |
|
|
|a 061-053.9
|2 2008
|
| 100 |
1 |
|
|a Kočišová, Vilma
|4 aut
|9 1024235
|
| 245 |
1 |
0 |
|a Bude vás zaujímať
|c Vilma Kočišová
|
| 300 |
|
|
|b Fotogr.
|
| 610 |
2 |
7 |
|a Klub dôchodcov (Slavošovce, Slovensko)
|2 rvgkpd
|9 1621223
|
| 651 |
|
7 |
|a Slavošovce (Slovensko)
|2 rvgkpd
|9 28955
|
| 651 |
|
7 |
|a Rožňava (Slovensko : okres)
|2 rvgkpd
|9 19215
|
| 773 |
0 |
|
|t Slavošovské obecné noviny
|g Roč. XX, č. 77 (2015), s. 6
|
| 852 |
|
|
|a RVGKPD
|b KIS3G
|
| 992 |
|
|
|a RBX
|
| 999 |
|
|
|c 3341811
|d 3343741
|